书目信息 |
| 题名: |
绿色“一带一路”与2030年可持续发展议程
|
|
| 作者: | 周国梅 著 | |
| 分册: | ||
| 出版信息: | 北京 中国环境出版集团 2021.07 |
|
| 页数: | 139页 | |
| 开本: | 26cm | |
| 丛书名: | ||
| 单 册: | ||
| 中图分类: | X012 , X012 | |
| 科图分类: | ||
| 主题词: | 环境保护政策--huan jing bao hu zheng ce--研究报告--中国--中文--英文 , 环境保护--huan jing bao hu--可持续性发展--研究报告--中国--中文--英文 | |
| 电子资源: | ||
| ISBN: | 978-7-5111-4703-5 | |
| 000 | 01478nam0 2200277 450 | |
| 001 | 011025153548 | |
| 005 | 20221025153548.0 | |
| 010 | @a978-7-5111-4703-5@dCNY58.00 | |
| 100 | @a20201004d2021 em y0chiy0120 ea | |
| 101 | 0 | @achi@aeng |
| 102 | @aCN@b110000 | |
| 105 | @ay z 000yy | |
| 106 | @ar | |
| 200 | 1 | @a绿色“一带一路”与2030年可持续发展议程@Alv se yi dai yi lu yu 2030nian ke chi xu fa zhan yi cheng@e有效对接与协同增效 共谋全球生态文明建设@f周国梅等著 |
| 210 | @a北京@c中国环境出版集团@d2021.07 | |
| 215 | @a139页@d26cm | |
| 300 | @a中国环境与发展国际合作委员会专题政策研究报告 | |
| 304 | @a著者还有:史育龙、(巴基)阿班·马克·卡布拉基(Aban Marker Kabraji)、周军 | |
| 330 | @a本书以中国环境与发展国际合作委员会(以下简称国合会)绿色“一带一路”与2030年可持续发展议程专题政策研究首期项目(2019年度)研究成果为基础编辑而成,旨在分析绿色“一带一路”建设对落实2030年可持续发展目标的潜在贡献,识别绿色“一带一路”建设中的机遇和挑战,“一带一路”绿色发展的总体原则、目标和实施路径。 | |
| 510 | 1 | @aGreen BRI and 2030 agenda for sustainable development@eaccelerating effective alignment and synergy between BRI and 2030 agenda to promote global ecological civilization@zeng |
| 606 | 0 | @a环境保护政策@Ahuan jing bao hu zheng ce@x研究报告@y中国@j中文@j英文 |
| 606 | 0 | @a环境保护@Ahuan jing bao hu@x可持续性发展@x研究报告@y中国@j中文@j英文 |
| 690 | @aX012@v5 | |
| 690 | @aX012@v5 | |
| 701 | 0 | @a周国梅@Azhou guo mei@4著 |
| 905 | @a河南城建学院图书馆@dX012@eZ764 | |
| 绿色“一带一路”与2030年可持续发展议程:有效对接与协同增效 共谋全球生态文明建设/周国梅等著.-北京:中国环境出版集团,2021.07 |
| 139页;26cm |
| 中国环境与发展国际合作委员会专题政策研究报告 |
| ISBN 978-7-5111-4703-5:CNY58.00 |
| 本书以中国环境与发展国际合作委员会(以下简称国合会)绿色“一带一路”与2030年可持续发展议程专题政策研究首期项目(2019年度)研究成果为基础编辑而成,旨在分析绿色“一带一路”建设对落实2030年可持续发展目标的潜在贡献,识别绿色“一带一路”建设中的机遇和挑战,“一带一路”绿色发展的总体原则、目标和实施路径。 |
| ● |
| 相关链接 |
|
|
|
正题名:绿色"一带一路"与2030年可持续发展议程
索取号:X012/Z764
 
预约/预借
| 序号 | 登录号 | 条形码 | 馆藏地/架位号 | 状态 | 备注 |
| 1 | 1588472 | 215884728 | 自科库501/501自科库 60排3列5层/ [索取号:X012/Z764] | 在馆 |